Islam, cristianismo y Occidente: historia de una nueva convivencia conflictiva

Saved in:
Bibliographic Details
Main Author: Armour, Rollin (Author)
Format: Book
Language:Spanish
Published: Buenos Aires Lumen 2007
Edition:1a. ed
Series:Colección Biblioteca de Historia
Subjects:
Tags: Add Tag
No Tags, Be the first to tag this record!

MARC

LEADER 00000nam a2200000 a 4500
001 UCI0965
003 CL-VaPUC
008 070608e20070000AG |||||||||||||||||spa|d
020 |a 9870006566 
082 0 4 |a 297.09  |b ARM  |2 21 
100 0 |a Armour, Rollin  |e author  |9 521224 
245 1 0 |a Islam, cristianismo y Occidente: historia de una nueva convivencia conflictiva 
250 |a 1a. ed 
300 |a 256 p 
942 |c BK 
945 |d 20070608 00:00:00  |a jtorresc 
260 |a Buenos Aires  |b Lumen  |c 2007 
650 0 |a Historia religiosa  |9 314583 
650 0 |a Cristianismo  |9 257361 
650 0 |a Países islámicos  |9 318488 
650 0 |a Religiones  |9 265211 
650 0 |a Musulmanes  |9 332296 
650 0 |a Renacimiento  |9 255107 
583 |a last modification  |c 20140406 05:44:29  |k Rodrigo Vera 
490 0 |a Colección Biblioteca de Historia 
999 |c 325915  |d 325913 
952 |0 0  |1 0  |4 0  |6 297_090000000000000_ARM_2007  |7 0  |8 A  |9 407406  |a BIBHIS  |b BIBHIS  |d 2019-11-22  |i 4345932  |o 297.09 ARM 2007  |p 4345932  |r 2025-01-20  |w 2019-11-22  |y BK  |k HIS 
952 |0 0  |1 0  |4 0  |6 297_090000000000000_ARM_2007  |7 0  |8 A  |9 407407  |a BIBHIS  |b BIBHIS  |d 2019-11-22  |i 478328K  |o 297.09 ARM 2007  |p 478328K  |r 2025-01-20  |w 2019-11-22  |y BK  |k HIS